Normale Ansicht MARC-Ansicht ISBD

Ungarn unter Sowjetherrschaft : (Titelsatznr. 32682)

[ MARC ]
MARC-Details
000 -Satzkennung
Kontrollfeld mit fester Länge 00761nam a22002291c 4500
001 - Kontrollnummer
Kontrollfeld a987696158
008 - Feld mit fester Länge zur physischen Beschreibung - Allgemeine Angaben
Kontrollfeld mit fester Länge 210312s ger d
041 ## - Sprachcode
Sprachcode des Textes/der Tonspur oder des separaten Titels ger
040 ## - Katalogisierungsquelle
Übertragungsstelle RU-10907106
003 - Kontrollnummer Identifier
Kontrollfeld RU-10907106
245 00 - Titel
Titel Ungarn unter Sowjetherrschaft :
Zusatz zum Titel Die Entwicklung in Ungarn in den Monaten nach der Abfassung des Berichts des Sonderausschusses der Vereinten Nationen
264 ## - Produktion, Veröffentlichung, Distribution, Herstellung und Urheberrechtsvermerk
Herstellungs-, Veröffentlichungs- Vertriebs-, Erzeugungsort München :
Produzent, Herausgeber, Distributor, Hersteller Free Europe Committee,
Datum der Herstellung, der Veröffentlichung, des Vertriebs oder des Urheberschutzvermerks [2021]
300 ## - Physische Beschreibung
Umfang 103 Seiten : graph. Darst.
650 #0 - Nebeneintragung unter einem Schlagwort - Sachschlagwort
Sachschlagwort oder geografischer Name als Eintragungselement Ungarnforschung
651 #0 - Nebeneintragung unter einem Schlagwort - Geografischer Name
Geografischer Name Sowjetunion
651 #0 - Nebeneintragung unter einem Schlagwort - Geografischer Name
Geografischer Name Ostblock
651 #0 - Nebeneintragung unter einem Schlagwort - Geografischer Name
Geografischer Name Ungarn
700 1# - Nebeneintragung - Personenname
Personenname Langendorf, Ernst
Funktionsbezeichnung HerausgeberIn
710 2# - Nebeneintragung - Körperschaftsname
Körperschafts- oder Gebietskörperschaftsname als Eintragungselement Die Amerikanischen Freunde der versklavten Völker
710 2# - Nebeneintragung - Körperschaftsname
Körperschafts- oder Gebietskörperschaftsname als Eintragungselement Versammlung der versklavten europäischer Völker
942 ## - Zusätzliche Felder (Koha)
Koha-Medientyp Monographien
Exemplare
Ausgeschieden Verloren Klassifikation oder Aufstellungssystematik Beschädigt Nicht entleihbar Heimatbibliothek Aufenthaltsbibliothek Aufstellungsort Erwerbungsdatum Inventarnummer Signatur Barcode Letzte Aktivität Preis gültig von Koha-Medientyp
    Andere/Generische Klassifikation     MWN Osteuropa MWN Osteuropa Lesesaal - 1 12/03/2021 21-00384 W 64 F n Ungarn 8 E00401082D370C85 12/04/2021 22/03/2021 Monographien